00426nam a2200169Ia 450000500170000000800410001702000140005804000190007204100120009108200130010310000190011624500340013526000390016930000180020865000200022685000100024620240409091441.0131103s9999 xx 000 0 und d a590604201 aLoreto College aEnglish a425bHAL aHalverson, Jim aGrammar works!cJim Halverson aNew YorkbProfessional Booksc1996 a128p.b ills. aEnglish Grammar aLCBED